=LDR 00000nam 2200000 4500 =001 INLIS000000000006960 =990 ##$$a 7.551/Pb-85 =005 20130612095032 =008 ***********************************Ind** =035 ##$$0010-061300000006960 =041 ##$$a Ind =082 ##$$a 297.30 =090 ##$$a 297.30, Fac p =100 ##$$a Fakhruddin, H.S =245 ##$$a Pembinaan mental, bimbingan Al-Quran, Fachruddin HS =260 ##$$a 1984 $b Jakarta =300 ##$$a 160 hlm., 20 cm =650 ##$$a Islam =990 ##$$a 1199200041 =990 ##$$a 7.551/Pb-85 =990 ##$$a 1199200041 =990 ##$$a 7.551/Pb-85 =990 ##$$a 7.551/Pb-85 =990 ##$$a 1199200041 =990 ##$$a 7.551/Pb-85 =990 ##$$a 1199200041